Wings of Faith: Towards public Theologies in India (Record no. 19860)

MARC details
000 -LEADER
fixed length control field 00306nam a22001337a 4500
020 ## - INTERNATIONAL STANDARD BOOK NUMBER
ISBN 9788184653328
082 ## - DEWEY DECIMAL CLASSIFICATION NUMBER
Classification number 230
100 ## - MAIN ENTRY--AUTHOR NAME
Author name Gnanapragasam, Patrick
245 ## - TITLE STATEMENT
Title Wings of Faith: Towards public Theologies in India
250 ## - EDITION STATEMENT
Edition statement 2013
260 ## - PUBLICATION, DISTRIBUTION, ETC. (IMPRINT)
Place of publication Delhi
Name of publisher ISPCK
Year of publication 2013
300 ## - PHYSICAL DESCRIPTION
Number of Pages 264
942 ## - ADDED ENTRY ELEMENTS (KOHA)
Koha item type Books

No items available.

                   Copyright © 2026 | Henry Martyn Institute | Hyderabad | TS-500052 | INDIA | Implemented by hmi.edu.in
Hit-Count:

Powered by Koha